Managing for Excellence / (Record no. 592942)
[ view plain ]
| 000 -LEADER | |
|---|---|
| fixed length control field | 00909nam a22001817a 4500 |
| 003 - CONTROL NUMBER IDENTIFIER | |
| control field | NUST |
| 005 - DATE AND TIME OF LATEST TRANSACTION | |
| control field | 20230118114451.0 |
| 020 ## - INTERNATIONAL STANDARD BOOK NUMBER | |
| International Standard Book Number | 9780751327042 |
| 082 ## - DEWEY DECIMAL CLASSIFICATION NUMBER | |
| Classification number | 658.4,ALI |
| 100 ## - MAIN ENTRY--PERSONAL NAME | |
| Personal name | Ali, Moi |
| 9 (RLIN) | 106949 |
| 245 ## - TITLE STATEMENT | |
| Title | Managing for Excellence / |
| Remainder of title | Moi Ali, Stephen Brookson, Andy Bruce, John Eation, Robert Heller |
| 260 ## - PUBLICATION, DISTRIBUTION, ETC. | |
| Place of publication, distribution, etc. | Dorling Kindersley |
| Name of publisher, distributor, etc. | London |
| Date of publication, distribution, etc. | 2001 |
| 300 ## - PHYSICAL DESCRIPTION | |
| Extent | 864 p |
| 505 ## - FORMATTED CONTENTS NOTE | |
| Formatted contents note | Achieving Excellence (Page-14), Leading Effectively (Page-82), Managing People (Page-150), Coaching Successfully (Page-218), Managing Projects (Page-286), Thinking Strategically (Page-354), Managing Budgets (Page-422), Understanding Accounts (Page-490), Sellling Sucessfully (Page-558), Marketing Effctively (Page-626), Understanding information technology (Page-694), Moving to E-Business (Page-762). |
| 650 ## - SUBJECT ADDED ENTRY--TOPICAL TERM | |
| Topical term or geographic name entry element | Achieving Excellence |
| 9 (RLIN) | 106950 |
| 651 ## - SUBJECT ADDED ENTRY--GEOGRAPHIC NAME | |
| Geographic name | Managing for Excellence |
| 9 (RLIN) | 106951 |
| 942 ## - ADDED ENTRY ELEMENTS (KOHA) | |
| Source of classification or shelving scheme | |
| Koha item type | Book |
| Withdrawn status | Lost status | Source of classification or shelving scheme | Damaged status | Not for loan | Permanent Location | Current Location | Shelving location | Date acquired | Total Checkouts | Full call number | Barcode | Date last seen | Price effective from | Koha item type | Public note |
|---|---|---|---|---|---|---|---|---|---|---|---|---|---|---|---|
| Military College of Signals (MCS) | Military College of Signals (MCS) | General Stacks | 01/18/2023 | 658.4,ALI | MCS37548 | 01/18/2023 | 01/18/2023 | Book | Almirah No.42, Shelf No.6 |
